000 00948cam a2200325 4500
001 736558
003 ARRUPE
005 20150121165337.0
008 890123s1972 enka 000 0 eng
010 _a 73154288
015 _aB72-30736
020 _a0140216316 (BBC)
035 _a(OCoLC)632700
035 _a(OCoLC)ocm00632700
035 _a(CStRLIN)NYCG89-B4848
035 _a(NNC)736558
040 _carrupe
050 0 _aN7430.5
_b.W39
082 _a759.94
090 _aN7430.5
_b.W39
245 0 0 _aWays of seeing;
_ca book made by John Berger [and others].
260 _aLondon,
_bBritish Broadcasting Corporation;
_aHarmondsworth,
_bPenguin,
_c1972.
300 _a165 p.
_billus.
_c20 cm.
500 _a"Based on the BBC television series with John Berger."
650 0 _aVisual perception.
_914380
650 0 _aArt
_xTechnique.
_914509
700 1 _aBerger, John.
_914510
942 _2lcc
_cMONOGRAPH
999 _c121860
_d121860